[Event "Sao Bernardo do Campo LXSBC fin-B 4th"]
[Site "Sao Bernardo do Campo"]
[Date "2013.01.26"]
[Round "6"]
[White "Vicentin, Marcos Tadeu"]
[Black "Lopes Junior, Roberto Juliano"]
[Result "0-1"]
[WhiteElo "1858"]
[BlackElo "2005"]
[PlyCount "86"]
[EventDate "2013.01.19"]
[EventType "tourn"]
[EventRounds "9"]
[EventCountry "BRA"]
[SourceTitle "EXT 2015"]
[Source "ChessBase"]
[SourceDate "2014.11.20"]
[SourceVersion "1"]
[SourceVersionDate "2014.11.20"]
[SourceQuality "1"]

1. b3 a5 2. g3 Nf6 3. Bg2 d5 4. Nf3 Nbd7 5. Bb2 e6 6. 0-0 Bd6 7. c4 c6 8. d3 0-0 9. Nbd2 c5 10. e3 Re8 11. Qc2 a4 12. Rfd1 b6 13. e4 Bc7 14. d4 Bb7 15. Ne5 cxd4 16. Nxd7 Qxd7 17. exd5 e5 18. a3 b5 19. Ne4 Nxe4 20. Bxe4 g6 21. b4 bxc4 22. Qxc4 Bb6 23. Bd3 Qxd5 24. Qxd5 Bxd5 25. Rac1 Rec8 26. Kf1 f5 27. Ke2 e4 28. Bb1 d3+ 29. Ke1 Bb3 30. Rxc8+ Rxc8 31. Rc1 Rc4 32. Rxc4 Bxc4 33. h4 Kf7 34. Bc1 Bd4 35. Be3 Bb2 36. Kd2 Ke6 37. h5 gxh5 38. Bh6 Kd5 39. Be3 h4 40. gxh4 Be5 41. f4 Bd4 42. h5 h6 43. b5 Bxb5 0-1

[Event "Sao Bernardo do Campo LXSBC fin-B 4th"]
[Site "Sao Bernardo do Campo"]
[Date "2013.01.25"]
[Round "5"]
[White "Lopes Junior, Roberto Juliano"]
[Black "Hara, Aroldo Hiroiuqui"]
[Result "1-0"]
[WhiteElo "2005"]
[BlackElo "1929"]
[PlyCount "51"]
[EventDate "2013.01.19"]
[EventType "tourn"]
[EventRounds "9"]
[EventCountry "BRA"]
[SourceTitle "EXT 2015"]
[Source "ChessBase"]
[SourceDate "2014.11.20"]
[SourceVersion "1"]
[SourceVersionDate "2014.11.20"]
[SourceQuality "1"]

1. d4 b6 2. Nc3 Bb7 3. e4 e6 4. Bd3 Bb4 5. a3 Bxc3+ 6. bxc3 Nf6 7. f3 c5 8. Ne2 Nc6 9. Be3 d6 10. 0-0 0-0 11. Ng3 Rc8 12. d5 Ne5 13. c4 exd5 14. exd5 Ba6 15. Bg5 Bxc4 16. Bxc4 Nxc4 17. Ne4 h6 18. Bxf6 gxf6 19. Qc1 Kg7 20. Qf4 Ne5 21. Ng3 Ra8 22. Qf5 Kh8 23. f4 Ng6 24. Nh5 Nh4 25. Qg4 f5 26. Qg7# 1-0

[Event "Sao Paulo Politechnic School 2nd"]
[Site "Sao Paulo"]
[Date "2013.01.18"]
[Round "9"]
[White "Farah, Daniel Landshoff"]
[Black "Lopes Junior, Roberto Juliano"]
[Result "0-1"]
[WhiteElo "1951"]
[BlackElo "2005"]
[PlyCount "82"]
[EventDate "2013.01.12"]
[EventType "tourn"]
[EventRounds "9"]
[EventCountry "BRA"]
[SourceTitle "EXT 2015"]
[Source "ChessBase"]
[SourceDate "2014.11.20"]
[SourceVersion "1"]
[SourceVersionDate "2014.11.20"]
[SourceQuality "1"]

1. e4 c5 2. Nf3 d6 3. d4 cxd4 4. Nxd4 Nf6 5. Nc3 a6 6. Be3 Ng4 7. Bg5 h6 8. Bh4 g5 9. Bg3 Bg7 10. h3 Ne5 11. Qd2 Ng6 12. 0-0-0 Nc6 13. Nb3 Be6 14. Nd5 Rc8 15. Kb1 b5 16. c3 Nce5 17. Nd4 Nc4 18. Bxc4 Rxc4 19. Ne3 Rc8 20. Ndf5 Bxf5 21. Nxf5 Bf6 22. Qe2 Ne5 23. f4 gxf4 24. Bxf4 Nc4 25. Bxh6 Rxh6 26. Nxh6 Qa5 27. Ng4 Bxc3 28. Rd3 Bxb2 29. Ne3 Bf6 30. Nc2 b4 31. Qg4 Rc7 32. Qf5 Ne5 33. Rb3 Qc5 34. Ne3 a5 35. Nd5 Qc2+ 36. Ka1 Bg7 37. Nxc7+ Kd8 38. Qg5 Ng6+ 39. e5 Bxe5+ 40. Qxe5 Nxe5 41. Nd5 Nc4 0-1

[Event "Sao Paulo Politechnic School 2nd"]
[Site "Sao Paulo"]
[Date "2013.01.12"]
[Round "2"]
[White "Lopes Junior, Roberto Juliano"]
[Black "Rodrigues, Bruno Morado"]
[Result "0-1"]
[WhiteElo "2005"]
[BlackElo "2082"]
[PlyCount "100"]
[EventDate "2013.01.12"]
[EventType "tourn"]
[EventRounds "9"]
[EventCountry "BRA"]
[SourceTitle "EXT 2015"]
[Source "ChessBase"]
[SourceDate "2014.11.20"]
[SourceVersion "1"]
[SourceVersionDate "2014.11.20"]
[SourceQuality "1"]

1. d4 b5 2. Nf3 Nf6 3. g3 e6 4. Bg2 Bb7 5. 0-0 c5 6. Bf4 Qb6 7. dxc5 Bxc5 8. Nbd2 0-0 9. Nb3 Be7 10. Ne1 Nd5 11. Bd2 a5 12. e4 Nf6 13. Be3 Qc7 14. f3 d5 15. exd5 Nxd5 16. Bf2 Rd8 17. Qc1 Bf6 18. Nd3 a4 19. Nbc5 a3 20. Ne4 Nc6 21. Nxf6+ Nxf6 22. bxa3 Nd4 23. Bxd4 Rxd4 24. Qb2 Qb6 25. Kh1 Nd5 26. Rfe1 Rda4 27. Ne5 Rxa3 28. c4 bxc4 29. Qxb6 Nxb6 30. Rab1 R3a6 31. Rb4 Bd5 32. Reb1 Nc8 33. Nxc4 Rxa2 34. Nb6 Nxb6 35. Rxb6 g5 36. h3 Rf2 37. Rb8+ Rxb8 38. Rxb8+ Kg7 39. Kg1 Ra2 40. g4 Kf6 41. Rh8 Ke5 42. Rc8 Kf4 43. Rc3 Kg3 44. f4+ Kxf4 45. Bxd5 exd5 46. Rc7 Kg3 47. Rc3+ Kh4 48. Rd3 f6 49. Kf1 Rh2 50. Rxd5 Rxh3 0-1

[Event "Sao Paulo Politechnic School 2nd"]
[Site "Sao Paulo"]
[Date "2013.01.12"]
[Round "1"]
[White "Lopes Junior, Roberto Juliano"]
[Black "Salama, Andre Sasson"]
[Result "1/2-1/2"]
[WhiteElo "2005"]
[BlackElo "1978"]
[PlyCount "67"]
[EventDate "2013.01.12"]
[EventType "tourn"]
[EventRounds "9"]
[EventCountry "BRA"]
[SourceTitle "EXT 2015"]
[Source "ChessBase"]
[SourceDate "2014.11.20"]
[SourceVersion "1"]
[SourceVersionDate "2014.11.20"]
[SourceQuality "1"]

1. d4 Nf6 2. Nf3 e6 3. g3 b6 4. Bg2 Bb7 5. 0-0 c5 6. e3 Be7 7. b3 0-0 8. Bb2 cxd4 9. exd4 d5 10. Nbd2 Nc6 11. a3 Rc8 12. Re1 Qc7 13. Rc1 Rfe8 14. Bf1 Nb8 15. Ne5 Ba6 16. Bxa6 Nxa6 17. Qe2 Qb7 18. c4 Nc7 19. f4 dxc4 20. bxc4 b5 21. c5 b4 22. axb4 Qxb4 23. Bc3 Qb5 24. Rb1 Qxe2 25. Rxe2 Ncd5 26. Ba5 Bd8 27. Ra1 Bxa5 28. Rxa5 Rc7 29. Ndc4 Nc3 30. Re1 Nfe4 31. Nf3 Rd8 32. Nce5 f6 33. Nd3 g5 34. fxg5 1/2-1/2